000 01186nam a2200301 a 4500
001 000016942
003 DO-SdBNP
005 20250711124154.0
008 100312s1992 dr 000 0 spa d
040 _aDO-SdBNP
_bspa
_cBNPHU
_erda
082 4 _a379.7293
_bR426pl
_222
110 1 _aRepública Dominicana.
_bSecretaría de Estado de Educación, Bellas Artes y Cultos
_923965
245 1 3 _aEl plan decenal en la perspectiva de sus áreas y sus consultas
264 1 _aSanto Domingo :
_bSecretaría de Estado de Educación, Bellas Artes y Cultos,
_c1992.
300 _a88 páginas ;
_c26 cm.
336 _atexto
_btxt
_2rdacontent
337 _asin mediación
_bn
_2rdamedia
338 _avolumen
_bnc
_2rdacarrier
490 1 _aColección A
_aDocumento
_v4
500 _aInforme del Comité al 1er Congreso del Plan Decenal de Educación.
500 _aA la cabeza del título : Plan Decenal de Educación
590 _aInventariado, 2018/MFF
650 0 _aEducación y estado
_zRepública Dominicana
_951256
650 0 _aPlanificación educativa
_917484
650 4 _aEducación
_zRepública Dominicana
_9737
910 _aValidado. Control de calidad MFF
942 _2ddc
_cLBS1
999 _c16474
_d16474